Представление документа в формате MARC21

Поле Инд. ПП Название Значение
Тип записи a
Библиографический уровень m
001 Контрольный номер 65f0f0e0f4f341679ac86f1cf6931919
005 Дата корректировки 20160411114001.2
040 a Служба первич. каталог. НБ ТвГУ
b Код языка каталог. rus
e Правила каталог. PSBO
041 0_ a Код языка текста rus
080 a Индекс УДК 347.454(470)(043.3)
084 a Индекс другой классификации/Индекс ББК Х404.213я031
090 a Полочн. индекс Х404.2
x Авторский знак Ш 26
097 b Оператор mimoza
100 1_ a Автор Шаронов Сергей Александрович
245 10 a Заглавие Договор на оказание услуг частной охранной деятельности
b Продолж. заглавия дис. ... к.ю.н. : 12.00.03 - гражданское право, предпринимательское право, семейное право, международное частное право
c Ответственность науч. рук. к.ю.н., доц. В. М. Мелихов ; Федер. агентство по образованию, ГОУ ВПО "Волгогр. гос. у-нт"
260 c Дата издания 2006
a Место издания Волгоград
300 a Объем 210 с.
500 a Примечание На правах рукоп.
502 a Примечание о диссертации Дис. (канд.) - Волгогр. гос. у-нт, 2006
504 a Библиография Библиогр.: с. 179-201 (225 назв.) и в подстроч. примеч.
653 0_ a Ключевые слова Право
a Ключевые слова Диссертации
a Ключевые слова Гражданское право России
a Ключевые слова Охранные услуги
a Ключевые слова Оказание услуг
a Ключевые слова Договор на оказание охранных услуг
a Ключевые слова Обязательственное право
a Ключевые слова Услуги частной охранной деятельности
a Ключевые слова Частная охранная деятельность
700 12 a Другие авторы Мелихов Виктор Михайлович
e Роль лиц науч. рук.
c Титул (звание) к.ю.н., доц.
710 12 a Организация/ юрисдикция Волгоградский государственный университет
901 t Тип документа m
920 a Оператор Семен
a Оператор Петр
a Оператор Густ
a Оператор Стро
930 a Новая/Ретро новая
952 c Вид литературы Дис н
954 b Дата поступления в ОК 20160219
a Дата поступления на обработку 20160316
c Дата окончания ОНО 20160411